Priemerný zárobok na pracovnoprávne účely

Bibliographic Details
Main Author: Zelníková, Mária (Author)
Format: Article
Language:Slovak
PhysicalDescription:Tab.
ISSN:1337-0448
Subjects:

MARC

LEADER 00000nab a2200000 ar4500
001 vtls008962897
003 SK-MaSNL
005 20260303070735.0
008 070411c2007 xo sr|p|||||||000 b|slo
015 |a SNBRB2007/04  |2 snkbucl 
038 |a SNKBUCL 
040 |a SNKBUCL  |b slo  |c SNKBUCL  |e AACR2 
041 0 |a slo 
044 |a xo  |c SK 
080 |a 331.215.54  |2 2001 
100 1 |a Zelníková, Mária  |4 aut  |9 1033302 
245 1 0 |a Priemerný zárobok na pracovnoprávne účely  |c Mária Zelníková 
300 |b Tab. 
650 0 7 |a priemerný zárobok  |2 snkbucl  |9 1068568 
650 0 7 |a výpočet  |2 snkbucl  |9 316897 
773 0 |t Verejná správa : školy, úrady, obce, kultúra, zdravotníctvo, rozpočtové, príspevkové, neziskové organizácie  |g Č. 4 (2007), s. 47-53  |x 1337-0448 
852 |a SNK  |b KIS3GCP 
999 |c 1756722  |d 1758652